| 000 | 00341nam a22001457a 4500 | ||
|---|---|---|---|
| 003 | SGT | ||
| 020 | _a9788123923512 | ||
| 082 | _a546,DAS | ||
| 100 | _aDAS, ASIM K | ||
| 245 | _aFUNDAMENTAL CONCEPTS OF INORGANIC CHEMISTRY | ||
| 260 |
_aNEW DELHI _bCBS PUBLISHERS _c2016 |
||
| 300 | _a566 | ||
| 650 | _a INORGANIC CHEMISTRY | ||
| 942 |
_2ddc _cFPS |
||
| 999 |
_c9894 _d9894 |
||